[Event "AUTO-OPEN-4620"]
[Site "http://www.queenalice.com/game.php?id=1864489"]
[Date "2025.10.19"]
[Round "1"]
[White "TammieM3ENF"]
[Black "MarcosT"]
[Result "0-1"]
[WhiteElo "1562"]
[BlackElo "2149"]

1. d4 d5 2. Nc3 e6 3. e4 Bb4 4. e5 c5 5. a4 cxd4 6. f4 dxc3 7. g4 cxb2+ 8. Bd2
Bxd2+ 9. Kxd2 bxa1=Q 10. Qxa1 Qa5+ 11. Kc1 Qe1+ 12. Kb2 Qb4+ 13. Kc1 Qxf4+ 14.
Kb1 Qxf1+ 15. Kb2 Qxa1+ 16. Kxa1 Ne7 17. g5 Nbc6 18. g6 Nxg6 19. Nf3 Ncxe5 20.
Nxe5 Nxe5 21. c3 O-O 22. c4 Nxc4 23. h4 h6 24. Ka2 Bd7 25. Kb3 Bxa4+ 26. Kxa4
b5+ 27. Kxb5 Rab8+ 28. Ka6 Rb6+ 29. Kxa7 Rfb8 30. Ra1 R8b7+ 31. Ka8 Nd6 32. h5
Rc6 33. Ra7 Rc8# 0-1

[Event "AUTO-OPEN-4620"]
[Site "http://www.queenalice.com/game.php?id=1864490"]
[Date "2025.10.19"]
[Round "1"]
[White "MarcosT"]
[Black "TammieM3ENF"]
[Result "1-0"]
[WhiteElo "2105"]
[BlackElo "1566"]

1. d4 e6 2. e3 d5 3. c3 e5 4. Nf3 f5 5. Nxe5 c6 6. Qh5+ g6 7. Nxg6 Nf6 8. Qh4 b5
9. Nxh8 Bg7 10. Nf7 Kxf7 11. Be2 c5 12. Bxb5 a6 13. Ba4 cxd4 14. cxd4 Bd7 15.
Bxd7 Qxd7 16. O-O a5 17. Nd2 a4 18. Nf3 a3 19. Ne5+ Ke6 20. Nxd7 Nbxd7 21. bxa3
h6 22. e4 fxe4 23. Bxh6 Bh8 24. Qh3+ Kd6 25. Bf4+ Kc6 26. Rab1 Rb8 27. Qe6# 1-0